000
00233 a2200097 4500
001
41169
100
_a
Kashmiri, Agha Shorish
245
_a
Iqbal piamber inqilab (Urdu)
260
_a
Lahore
_b
Feroz Sons
_c
1999
090
_c
25393
_d
25393
942
_a
NUST-CAE
_c
M
_c
17106
999
_c
276242
_d
276242